<?xml version="1.0" encoding="UTF-8"?>
<marc:record xmlns:marc="http://www.loc.gov/MARC21/slim">
   <marc:leader>00000nam a2200000 a 4500</marc:leader>
   <marc:datafield ind1="1" ind2=" " tag="100">
      <marc:subfield code="a">Yang, Gene Luen</marc:subfield>
      <marc:subfield code="4">aut</marc:subfield>
      <marc:subfield code="e">Verfasser/-in</marc:subfield>
   </marc:datafield>
   <marc:datafield ind1="1" ind2=" " tag="100">
      <marc:subfield code="a">Stumpf, Jacqueline</marc:subfield>
      <marc:subfield code="4">trl</marc:subfield>
      <marc:subfield code="e">Übersetzer/-in</marc:subfield>
   </marc:datafield>
   <marc:datafield ind1="0" ind2="0" tag="245">
      <marc:subfield code="a">Avatar</marc:subfield>
   </marc:datafield>
   <marc:datafield ind1="0" ind2="0" tag="245">
      <marc:subfield code="c">Nickelodeon ; Text Gene Luen Yang ; Zeichnungen und Cover Gurihiru ; Herausgeber (deutsche Ausgabe) Andreas Mergenthaler &amp; Hardy Hellstern</marc:subfield>
   </marc:datafield>
   <marc:datafield ind1=" " ind2="1" tag="264">
      <marc:subfield code="a">Ludwigsburg</marc:subfield>
      <marc:subfield code="b">Cross cult</marc:subfield>
      <marc:subfield code="c">2014</marc:subfield>
   </marc:datafield>
   <marc:datafield ind1="1" ind2=" " tag="520">
      <marc:subfield code="a">Angaben aus der Verlagsmeldung

Avatar: Der Herr der Elemente Comicband 9 : Der Spalt 2 / von Gene Luen Yang

Toph Bei Fong, die Aang und seine Freunde begleitet hat, sieht sich plötzlich mit ihrer Vergangenheit konfrontiert, die sie so sehr zu vergessen versucht hat. Der Zeitpunkt hätte dabei nicht schlechter gewählt sein können, denn eine alte, dunkle Macht wurde durch den maschinellen Ressourcenabbau aufgeweckt und der Einsturz der riesigen Fabrik wird bald zur geringsten Sorge der Freunde. Einerseits von dem technischem Fortschritt geblendet und begeistert, andererseits den Widerstand einer bedrohten Naturgewalt vor Augen, muss besonders Toph sich entscheiden, für wen sie Partei ergreifen wird. Aber ist die industrialisierte Zukunft ihrer Welt überhaupt noch aufzuhalten? Und welchen Preis ist die neue Gesellschaft bereit zu zahlen, um jedem Frieden, Wohlstand und Arbeit versprechen zu können?

Das neueste Abenteuer des Avatars könnte kaum brisanter und am Puls der Zeit sein: Ein spannender Lesepsaß, der zum Nachdenken anregt!
Die Comics erzählen exklusiv die Geschichte um Avatar Aang &amp; Co., wie sie nach der TV-Serie spielt. Eine meisterhafte Fortführung der Story und wunderbares Begleitmaterial zur aktuellen TV-Serie DIE LEGENDE VON KORRA - zu sehen bei Nick!
</marc:subfield>
   </marc:datafield>
   <marc:datafield ind1=" " ind2=" " tag="020">
      <marc:subfield code="a">9783864253683</marc:subfield>
      <marc:subfield code="9">9783864253683</marc:subfield>
   </marc:datafield>
   <marc:datafield ind1=" " ind2=" " tag="041">
      <marc:subfield code="a">ger</marc:subfield>
   </marc:datafield>
   <marc:datafield ind1=" " ind2=" " tag="300">
      <marc:subfield code="a">75 S.</marc:subfield>
   </marc:datafield>
</marc:record>
